Indian States With The Most Tourists - Statistics

General Stats
  • This quiz has been taken 20 times
  • The average score is 8 of 10
Answer Stats
Visitors(in million) State % Correct
0.35 Kerala
100%
1.51 Maharashtra
90%
0.41 Tamil Nadu
90%
0.65 Uttar Pradesh
90%
1.78 Gujarat
85%
0.40 Rajasthan
85%
0.33 Punjab
80%
1.04 West Bengal
80%
0.82 Delhi
65%
0.20 Madhya Pradesh
65%
No matching quizzes found
Score Distribution
Percent of People with Each Score
Percentile by Number Answered
Your Score History
You have not taken this quiz